University Home | Library Home | Institutional Repository

The south-eastern Bantu : (Record no. 192804)

MARC details
000 -LEADER
fixed length control field 01248cam6a220028901 4500
001 - CONTROL NUMBER
control field qce00946514
005 - DATE AND TIME OF LATEST TRANSACTION
control field 20190830113140.0
008 - FIXED-LENGTH DATA ELEMENTS--GENERAL INFORMATION
fixed length control field 820209r19691930lh bcj b 000 0 eng d
035 ## - SYSTEM CONTROL NUMBER
System control number (Sirsi) r71345
035 ## - SYSTEM CONTROL NUMBER
System control number (QCAT)lss03314548
035 ## - SYSTEM CONTROL NUMBER
System control number (UPRA)qce00946514
040 ## - CATALOGING SOURCE
Modifying agency UPRA
100 1# - MAIN ENTRY--PERSONAL NAME
Personal name Soga, John Henderson.
Linkage A32529.1
245 14 - TITLE STATEMENT
Title The south-eastern Bantu :
Remainder of title (Abe-Nguni, Aba-Mbo, Ama-Lala) /
Statement of responsibility, etc. by J. Henderson Soga.
260 ## - PUBLICATION, DISTRIBUTION, ETC.
Place of publication, distribution, etc. Nendeln, Liechtenstein :
Name of publisher, distributor, etc. Kraus Reprint,
Date of publication, distribution, etc. 1969.
440 #0 - SERIES STATEMENT/ADDED ENTRY--TITLE
Title Bantu studies. Supplement ;
Volume/sequential designation no.4
Linkage S5454.1
500 ## - GENERAL NOTE
General note Reprint. Originally published: Johannesburg : Witwatersrand University Press, 1930.
500 ## - GENERAL NOTE
General note Errata leaf inserted between p. [xxiv] and [xxv]
500 ## - GENERAL NOTE
General note "Editor's introduction" and "A biographical note on the author" signed: R.F.A.H. [i.e. Reinhold Friedrich Alfred Hoernle]
504 ## - BIBLIOGRAPHY, ETC. NOTE
Bibliography, etc. note Bibliography: p. [xxi]-xxiii.
650 #0 - SUBJECT ADDED ENTRY--TOPICAL TERM
Topical term or geographic name entry element Bantus.
Linkage S3924.1
650 #0 - SUBJECT ADDED ENTRY--TOPICAL TERM
Topical term or geographic name entry element Kafirs (African people)
Linkage S24237.1
700 1# - ADDED ENTRY--PERSONAL NAME
Personal name Hoernle, Reinhold Friedrich Alfred, 1880-1943.
Dates associated with a name Hoernle, Reinhold Friedrich Alfred, 1880-1943.
Linkage A32530.1
949 ## - LOCAL PROCESSING INFORMATION (OCLC)
a DT8008
w lcc
i -96700
m MAIN
t BOOK
l ON-SHELF
949 ## - LOCAL PROCESSING INFORMATION (OCLC)
a DT8008
w lcc
i 33729000445101
m MAIN
t BOOK
l ON-SHELF

No items available.

© 2026 - The University of Zambia Library - Koha v25.11